000 00403nam a2200145Ia 4500
041 _aArabic
082 _a345 cut-957 ي
100 _a20260118u\\\\\\\\\\\y0engy0103\\\\ba
100 _aد.مصطفى يوسف
245 0 _aاصول المحاكمة الجنائية
250 _aط1
260 _bدار النهضة العربية
_aالقاهرة - مصر
_c2008
300 _a172
942 _cBk
999 _c188274
_d188274